<?xml version="1.0" encoding="UTF-8"?>
<record
    xmlns:xsi="http://www.w3.org/2001/XMLSchema-instance"
    xsi:schemaLocation="http://www.loc.gov/MARC21/slim http://www.loc.gov/standards/marcxml/schema/MARC21slim.xsd"
    xmlns="http://www.loc.gov/MARC21/slim">

  <leader>01221cam a22003011  4500</leader>
  <controlfield tag="001">sa 68004641 </controlfield>
  <controlfield tag="003">DLC</controlfield>
  <controlfield tag="005">20260227112502.0</controlfield>
  <controlfield tag="008">711028s1967    ii       b    00010 eng  </controlfield>
  <datafield tag="010" ind1=" " ind2=" ">
    <subfield code="a">sa 68004641 //r863</subfield>
  </datafield>
  <datafield tag="025" ind1=" " ind2=" ">
    <subfield code="a">PL480:I-E-9639</subfield>
  </datafield>
  <datafield tag="041" ind1="1" ind2=" ">
    <subfield code="a">engfre</subfield>
  </datafield>
  <datafield tag="050" ind1="0" ind2=" ">
    <subfield code="a">PK3791.A57</subfield>
    <subfield code="b">P713</subfield>
  </datafield>
  <datafield tag="082" ind1=" " ind2=" ">
    <subfield code="a">294.3</subfield>
  </datafield>
  <datafield tag="100" ind1="1" ind2="0">
    <subfield code="a">Przyluski, Jean,</subfield>
    <subfield code="d">1885-1944.</subfield>
  </datafield>
  <datafield tag="240" ind1="1" ind2="0">
    <subfield code="a">L&#xE9;gende de l'empereur Acoka (Acoka-avadana) dans les textes indiens et chinois.</subfield>
    <subfield code="l">English</subfield>
  </datafield>
  <datafield tag="245" ind1="1" ind2="4">
    <subfield code="a">The legend of Emperor A&#x15B;oka in Indian and Chinese texts</subfield>
    <subfield code="c">[by] J. Przyluski. Translated from the French with additional notes and comments by Dilip Kumar Biswas.</subfield>
  </datafield>
  <datafield tag="250" ind1=" " ind2=" ">
    <subfield code="a">[1st ed.]</subfield>
  </datafield>
  <datafield tag="260" ind1="0" ind2=" ">
    <subfield code="a">Calcutta,</subfield>
    <subfield code="b">Firma K. L. Mukhopadhyay,</subfield>
    <subfield code="c">1967.</subfield>
  </datafield>
  <datafield tag="300" ind1=" " ind2=" ">
    <subfield code="a">viii, 252 p.</subfield>
    <subfield code="c">22 cm.</subfield>
  </datafield>
  <datafield tag="350" ind1=" " ind2=" ">
    <subfield code="a">Rs15</subfield>
  </datafield>
  <datafield tag="500" ind1=" " ind2=" ">
    <subfield code="a">Translation of La l&#xE9;gende de l'empereur A&#xE7;oka (A&#xE7;oka-avad&#x101;na) dans les textes indiens et chinois.</subfield>
  </datafield>
  <datafield tag="504" ind1=" " ind2=" ">
    <subfield code="a">Bibliography: p. [231]-236.</subfield>
  </datafield>
  <datafield tag="630" ind1=" " ind2="0">
    <subfield code="a">Tripi&#x1E6D;aka.</subfield>
    <subfield code="p">S&#x16B;trapi&#x1E6D;aka.</subfield>
    <subfield code="p">Avad&#x101;na.</subfield>
    <subfield code="p">A&#x15B;ok&#x101;vad&#x101;na.</subfield>
  </datafield>
  <datafield tag="730" ind1="0" ind2="1">
    <subfield code="a">Tripi&#x1E6D;aka.</subfield>
    <subfield code="p">S&#x16B;trapi&#x1E6D;aka.</subfield>
    <subfield code="p">Avad&#x101;na.</subfield>
  </datafield>
  <datafield tag="730" ind1=" " ind2="2">
    <subfield code="a">A&#x15B;okavad&#x101;na. Chinese version (A y&#xFC; weng ch&#x2BB;uan) English. 1967.</subfield>
  </datafield>
  <datafield tag="700" ind1="1" ind2="1">
    <subfield code="a">Biswas, Dilip Kumar,</subfield>
    <subfield code="e">ed. and tr.</subfield>
  </datafield>
  <datafield tag="999" ind1=" " ind2=" ">
    <subfield code="c">80252</subfield>
    <subfield code="d">80252</subfield>
  </datafield>
</record>
